LIBRARY & INFORMATION CENTRE, KCAET, TAVANUR

ONLINE PUBLIC ACCESS CATALOGUE (OPAC)

Problems in library management / (Record no. 5739)

MARC details
000 -LEADER
fixed length control field 00457cam a2200181ua 4500
041 ## - LANGUAGE CODE
Language code of text/sound track or separate title eng
082 ## - DEWEY DECIMAL CLASSIFICATION NUMBER
Classification number 027.006
Item number UMA/PR
100 ## - MAIN ENTRY--AUTHOR NAME
Personal name Umapathy, K S .
245 ## - TITLE STATEMENT
Title Problems in library management /
250 ## - EDITION STATEMENT
Edition statement 1 /
260 ## - PUBLICATION, DISTRIBUTION, ETC. (IMPRINT)
Place of publication New Delhi :
Name of publisher Vikas publishing house pvt ltd ,
Year of publication 1984.
300 ## - PHYSICAL DESCRIPTION
Number of Pages 142 ; .
942 ## - ADDED ENTRY ELEMENTS (KOHA)
Koha item type Books
Holdings
Withdrawn status Lost status Damaged status Home library Current library Date acquired Full call number Accession Number Koha item type
      KAUAET KAUAET 09/03/1987 027.006 16033 Books
free website counter